Gran Turismo 7 - All Tracks - Statistics

General Stats
  • This quiz has been taken 104 times
    51 since last reset
  • The average score is 20 of 41
Answer Stats
Answer % Correct
Nürburgring
83%
Autodromo Nazionale Monza
75%
Suzuka International Racing Course
75%
Circuit de Barcelona-Catalunya
71%
Circuit des 24 Heures du Mans
71%
Circuit de Spa-Francorchamps
71%
Daytona International Speedway
67%
Tokyo Expressway
67%
Autódromo José Carlos Pace
63%
Brands Hatch
63%
Red Bull Ring
63%
Circuit Gilles-Villeneuve
58%
Goodwood Circuit
58%
Fuji International Speedway
54%
Mount Panorama Circuit
54%
Alsace Village
50%
Deep Forest Raceway
50%
Yas Marina Circuit
50%
Michelin Raceway Road Atlanta
46%
Dragon Trail
42%
Grand Valley Highway 1
42%
High Speed Ring
42%
Lake Louise
42%
Sardegna Road
42%
Sardegna Windmills
42%
Trial Mountain Circuit
42%
Tsukuba Circuit
42%
Autodrome Lago Maggiore
38%
Eiger Nordwand
38%
Fishermans Ranch
38%
WeatherTech Raceway Laguna
38%
Broad Bean (BB) Raceway
33%
Watkins Glen International
33%
Willow Springs Raceway
33%
Blue Moon Bay Speedway
29%
Circuit de Sainte-Croix
29%
Colorado Springs Lake
29%
Northern Isle Speedway
29%
Special Stage Route X
29%
Kyoto Driving Park
25%
Autopolis International Racing Course
21%
No matching quizzes found
Score Distribution
Percent of People with Each Score
Percentile by Number Answered
Your Score History
You have not taken this quiz since the last reset